LEADER 01193nam--2200373---450- 001 990001963970203316 005 20100520134235.0 010 $a978-88-6036-391-6 035 $a000196397 035 $aUSA01000196397 035 $a(ALEPH)000196397USA01 035 $a000196397 100 $a20040830d2009----km-y0itay50------ba 101 0 $aita 102 $aIT 105 $ay|||||||001yy 200 1 $aRockefeller d'Italia$eGerolamo Gaslini imprenditore e filantropo$fParide Rugafiori 210 $aRoma$cDonzelli$d2009 215 $aXI, 206 p.$d21 cm 225 2 $aSaggi$iStoria e scienze sociali 300 $aSottotitolo in copertina: la storia del fondatore del pił importante ospedale pediatrico italiano 410 0$12001$aSaggi$iStoria e scienze sociali 600 1$aGaslini,$bGerolamo$2BNCF 676 $a338.7092 700 1$aRUGAFIORI,$bParide$048788 801 0$aIT$bsalbc$gISBD 912 $a990001963970203316 951 $aX.3.B. 5644$b218233 L.M.$cX.3.B.$d00258735 959 $aBK 969 $aUMA 979 $aSIAV3$b10$c20040830$lUSA01$h1330 979 $aANNAMARIA$b90$c20100520$lUSA01$h1342 996 $aRockefeller d'Italia$91044323 997 $aUNISA LEADER 01512nam a2200349 i 4500 001 991003565159707536 005 20021217152207.0 008 961025s1984 uk a b 001 0 eng 020 $a0123740401 035 $ab11831741-39ule_inst 035 $aLE00303219$9ExL 040 $aDip.to Biologia$beng 082 0 $a580$222 245 00$aSystematics of the green algae /$cedited by D. E. G. Irvine and D. M. John 260 $aLondon :$bPublished for the Systematics Association by Academic Press,$c1984 300 $ax, 449 p. :$bill. ;$c24 cm 440 4$aThe Systematics Association special volume ;$v27 500 $aBased on a Systematics Association symposium held at the Polytechnic of North London, March 29-31, 1983 500 $aIncludes bibliographies and index 650 0$aCharophyta$xClassification$xCongresses 650 0$aChlorophyceae$xClassification$xCongresses 650 0$aGreen algae$xClassification$xCongresses 700 1 $aIrvine, David E. G. 700 1 $aJohn, D. M. 710 2 $aSystematics Association 907 $a.b11831741$b09-11-10$c18-12-02 912 $a991003565159707536 945 $aLE003 580 IRV01.01 C.1 (1984)$g1$i2003000036848$lle003$o-$pE0.00$q-$rl$s- $t0$u5$v0$w5$x0$y.i12082399$z18-12-02 945 $aLE003 580 IRV01.01 C.2 (1984)$g2$i2003000005271$lle003$o-$pE0.00$q-$rl$s- $t0$u1$v1$w1$x0$y.i12082387$z18-12-02 996 $aSystematics of the green algae$9898137 997 $aUNISALENTO 998 $ale003$b01-01-96$cm$da $e-$feng$guk $h0$i2